| 000 | 01153nam a2200313Ia 4500 | ||
|---|---|---|---|
| 003 | OSt | ||
| 005 | 20250829161018.0 | ||
| 008 | 210210b1999 xxu||||| |||| 00| 0 eng d | ||
| 040 | _cAL | ||
| 041 | _aKannada | ||
| 082 | _aK894.1 KANK | ||
| 100 |
_aKANNADA MATTU samskriti nirdeshanalaya _d ಕನ್ನಡ ಮತ್ತು ಸಂಸ್ಕೃತಿ ನಿರ್ದೇಶನಾಲಯ _9237798 |
||
| 245 |
_aKanaka sahitya darshana samputa 4: Kanakadasara kirthanegalu mattu mundigegalu _b ಕನಕ ಸಾಹಿತ್ಯ ದರ್ಶನ ಸಂಪುಟ 4: ಕನಕದಾಸರ ಕೀರ್ತನೆಗಳು ಮತ್ತು ಮುಂಡಿಗೆಗಳು |
||
| 260 |
_aBengaluru _bKannada Mattu Samskrathi Nirdeshanalaya., _c1999 |
||
| 300 | _aviii,675 | ||
| 440 |
_a4 _9237799 |
||
| 650 |
_asamputa _9237800 |
||
| 650 |
_asahitya _9237801 |
||
| 650 |
_amundigegalu _9237802 |
||
| 650 |
_amattu _9237803 |
||
| 650 |
_akirthanegalu _9237804 |
||
| 650 |
_aKanakadasara _9237805 |
||
| 650 |
_aKanaka _9237806 |
||
| 650 |
_adarshana _9237807 |
||
| 650 |
_a4: _9237808 |
||
| 690 |
_aKannada Poetry _9237809 |
||
| 906 | _a057713 | ||
| 942 |
_2ddc _cBK |
||
| 999 |
_c104975 _d104975 |
||